UEFA Men's Soccer Teams Achieved Treble - Statistics

General Stats
  • This quiz has been taken 86 times
  • The average score is 10 of 10
Answer Stats
Season Team Country Manager % Correct
08/09 Barcelona Spain Pep Guardiola
100%
14/15 Barcelona Spain Luis Enrique
100%
12/13 Bayern Munich Germany Jupp Heynckes
100%
19/20 Bayern Munich Germany Hansi Flick
100%
09/10 Inter Milan Italy Jose Mourinho
100%
22/23 Manchester City England Pep Guardiola
100%
98/99 Manchester United England Sir Alex Ferguson
100%
71/72 Ajax Netherlands Ștefan Kovács
97%
66/67 Celtic Scotland John Stein
97%
87/88 PSV Eindhoven Netherlands Guus Hiddink
91%
No matching quizzes found
Score Distribution
Percent of People with Each Score
Percentile by Number Answered
Your Score History
You have not taken this quiz